Catálogo
 En Linea

Contra el olvido / (Registro nro. 60791)

Detalles MARC
000 -CABECERA
campo de control de longitud fija 04577nam a2200361 i 4500
003 - IDENTIFICADOR DEL NÚMERO DE CONTROL
campo de control AGN
005 - FECHA Y HORA DE LA ÚLTIMA TRANSACCIÓN
campo de control 20260520135711.0
007 - CAMPO FIJO DE DESCRIPCIÓN FÍSICA--INFORMACIÓN GENERAL
campo de control de longitud fija ta
008 - DATOS DE LONGITUD FIJA--INFORMACIÓN GENERAL
campo de control de longitud fija 260520e20102025dr ao||gco||||||1 |bspa ||spa|
011 ## - ENLACE DEL NUMERO DE CONTROL DE LA BIBLIOTECA DEL CONGRESO [OBSOLETO]
Número de control de LC
020 ## - NÚMERO INTERNACIONAL ESTÁNDAR DEL LIBRO
Número Internacional Estándar del Libro 978-9945-25-146-3
040 ## - FUENTE DE LA CATALOGACIÓN
Centro catalogador/agencia de origen AGNRD
Lengua de catalogación spa
Centro/agencia transcriptor DO-SdBNP
Normas de descripción RDA
041 ## - CÓDIGO DE LENGUA
Código de lengua del texto/banda sonora o título independiente spa
082 ## - NÚMERO DE LA CLASIFICACIÓN DECIMAL DEWEY
Número de clasificación RD 864.5
Número de edición T266c 2025
Número de documento/Ítem 22
100 1# - ENTRADA PRINCIPAL--NOMBRE DE PERSONA
Nombre de persona Tejeda Ortiz, Dagoberto,
Fechas asociadas al nombre 1940-
9 (RLIN) 20837
Término indicativo de función/relación autor
245 0# - MENCIÓN DE TÍTULO
Título Contra el olvido /
Mención de responsabilidad, etc. Dagoberto Tejeda Ortiz ; cuidado de edición a cargo de la División de Publicaciones ; diagramación y diseño de cubierta por Yenifer de la Rosa.
264 ## - PRODUCCIÓN, PUBLICACIÓN, DISTRIBUCIÓN, FABRICACIÓN Y COPYRIGHT
Producción, publicación, distribución, fabricación y copyright Santo Domingo, República Dominicana :
Nombre del de productor, editor, distribuidor, fabricante Archivo General de la Nación,
Fecha de producción, publicación, distribución, fabricación o copyright 2025.
300 4# - DESCRIPCIÓN FÍSICA
Extensión Tomo I :
Otras características físicas ilustraciones, fotografías ;
Dimensiones 23 x 15 cm.
336 ## - TIPO DE CONTENIDO
Término de tipo de contenido texto
Código de tipo de contenido txt
Fuente rdacontent
337 ## - TIPO DE MEDIO
Nombre/término del tipo de medio sin mediación
Código del tipo de medio n
Fuente rdamedia
338 ## - TIPO DE SOPORTE
Nombre/término del tipo de soporte volumen
Código del tipo de soporte nc
Fuente rdacarrier
490 0# - MENCIÓN DE SERIE
Mención de serie Archivo General de la Nación ;
Designación de volumen o secuencia volumen 549.
500 ## - NOTA GENERAL
Nota general Incluye biografía del autor en la solapa.
505 0# - NOTA DE CONTENIDO CON FORMATO
Nota de contenido con formato Introducción 13 -- INTELECTUALES : El Hugo Tolentino Dipp que yo conocí 21 -- Franklin Franco: El sociólogo de la dominicanidad 27 -- Carlos Esteban Deive: Por los caminos del cimarronaje 31 -- Roque Adames Rodríguez: La solidaridad del monseñor 35 -- ARTISTAS : Norberto James: El poeta cocolo 41 -- Anthony Ríos: El bohemio y la leyenda 47 -- José Ignacio: El artista de los metales 53 -- Narciso González Medina, Narcisazo: Cuando la poesía es contestataria 57 -- Jenny Polanco: Creatividad e identidad cultural 61 -- Víctor Víctor somos todos 65 -- Aníbal de Peña: El cantor de la patria 69 -- CARNAVALEROS : Fidelina: La soñadora de Río San Juan 77 -- Pipí: El roba la gallina de Ana Isa 81 -- Papá Lilo: El último gran jefe de carnaval 85 -- El chino que se vestía de «diabla» en el carnaval 89 -- Felipe Abreu: Pasión por el carnaval vegano 95 -- «Linda»: El último jefe guloya 99 -- Walteryen: El robalagallina de San Cristóbal 103 -- José Datt: El roba la gallina de Montecristi 109 -- MAESTROS : June Rosenberg: La antropóloga de la isla 115 -- La Yvelisse Prats de Pérez que yo conocí 119 -- Hermanas Bucarelly: Maestras por amor 123 -- Magaly Pineda: Feminismo y revolución 127 -- Chiappini: Odontología y revolución 131 -- Mis tres maestras cocolas 135 -- El Dr. Cantizano: Raíces e identidad 139 -- Josefina Padilla: Heroína de la patria 145 -- Doña Rosa: La Flor de Gurabo 151 -- ANCESTROS : Fradique murió para nacer 159 -- Máximo Rodríguez: Pasión por la identidad 165 -- José Castillo Méndez: Pasión por el folklore 169 -- El Miguel Cocco que yo conocí 173 -- Sonia Silvestre: La cantora del pueblo y del amor 179 -- José Rodríguez: El poeta de la ternura 185 -- El Luis Días que yo conocí 189 -- Héctor Gerardo: La dignidad del «Pueblo Abajo» 197 -- Corporán: El campeón de la televisión dominicana 201 -- Carlos Pimentel: Dignidad y revolución 207 -- Temito: El último jefe cachúa 211 -- PATRIOTAS : Cuando los Palmeros se llenaron de gloria 219 -- Caamaño: El Comandante de Abril 225 -- Donde cayó Manolo hay una flor 231 -- El Juan Bosch que yo conocí 237 -- José Francisco Peña Gómez: El gigante de la luz 241 -- Hamlet: El maestro guerrillero 245 -- Claudio Caamaño: El dueño de la montaña 249 -- El Moreno: El guerrillero ideológico 253 -- Fe Ortega: La odontóloga revolucionaria 257 -- Las hermanas Mirabal: Las Mariposas de Salcedo 261 -- Mamá Tingó: Mártir campesina 265 -- Aniana Vargas: Patria y ecología 271 -- Toribio Peña Jáquez: Guerrillero y revolucionario 275 -- Piky Lora: Guerrillera y revolucionaria 281 -- Homero Hernández: Pasión revolucionaria 287 -- Amaury: Con cinco estrellas en la frente 293 -- Iván Rodríguez Pilier: Revolucionario e identidad 299 -- Juan Miguel Román: La dignidad revolucionaria 303 -- Máximo Gómez: El Napoleón de la Guerrilla 309
520 ## - SUMARIO, ETC.
Sumario, etc. Se trata de ensayos biográficos de personajes tradicionales dominicanos. La expresión de la cultura, la religión, los ritos paganos, el carnaval, etc., se desbordan bajo el lápiz de Dagoberto Tejeda para dejar plasmadas en nuestras mentes las huellas que nos legaron las personas descritas en estos ensayos.
590 ## - NOTA LOCAL (RLIN)
Nota local Inventariado, 2026/WG.
650 #7 - PUNTO DE ACCESO ADICIONAL DE MATERIA--TÉRMINO DE MATERIA
Término de materia o nombre geográfico como elemento de entrada Literatura dominicana
9 (RLIN) 1994
650 #7 - PUNTO DE ACCESO ADICIONAL DE MATERIA--TÉRMINO DE MATERIA
Término de materia o nombre geográfico como elemento de entrada Ensayos dominicanos
9 (RLIN) 1961
650 ## - PUNTO DE ACCESO ADICIONAL DE MATERIA--TÉRMINO DE MATERIA
9 (RLIN) 46794
Término de materia o nombre geográfico como elemento de entrada Cultura
Subdivisión general República Dominicana
700 ## - PUNTO DE ACCESO ADICIONAL--NOMBRE DE PERSONA
Nombre de persona Rosa, Yenifer de la
Término indicativo de función/relación diagramación
-- diseño de cubierta
9 (RLIN) 89660
710 ## - PUNTO DE ACCESO ADICIONAL--NOMBRE DE ENTIDAD CORPORATIVA
Nombre de entidad corporativa o nombre de jurisdicción como elemento de entrada División de Publicaciones
Término indicativo de función/relación cuidado de edición
9 (RLIN) 89665
942 ## - ELEMENTOS DE PUNTO DE ACCESO ADICIONAL (KOHA)
Fuente del sistema de clasificación o colocación Dewey Decimal Classification
Tipo de ítem Koha Libro
Existencias
Estado de retiro Estado de pérdida Fuente del sistema de clasificación o colocación Restricciones de uso No para préstamo Código de colección Localización permanente Ubicación/localización actual Ubicación en estantería Fecha de adquisición Total de préstamos Signatura topográfica completa Código de barras Fecha visto por última vez Precio válido a partir de Tipo de ítem Koha Número de copia
    Dewey Decimal Classification Préstamo en sala   Patrimonio Dominicano Biblioteca Nacional Pedro Henríquez Ureña Biblioteca Nacional Pedro Henríquez Ureña En catalogación 20.05.2026   RD 864.5 T266c 2025 2026-4393 20.05.2026 20.05.2026 Libro  
    Dewey Decimal Classification Préstamo en sala   Patrimonio Dominicano Biblioteca Nacional Pedro Henríquez Ureña Biblioteca Nacional Pedro Henríquez Ureña En catalogación 20.05.2026   RD 864.5 T266c 2025 2026-4394 20.05.2026 20.05.2026 Libro e.2
    Dewey Decimal Classification Préstamo en sala   Patrimonio Dominicano Biblioteca Nacional Pedro Henríquez Ureña Biblioteca Nacional Pedro Henríquez Ureña En catalogación 20.05.2026   RD 864.5 T266c 2025 2026-4395 20.05.2026 20.05.2026 Libro e.3

Con tecnología Koha